Usonía: aspectos de la obra de Wright
-д хадгалсан:
| Үндсэн зохиолч: | |
|---|---|
| Формат: | Ном |
| Хэл сонгох: | испани |
| Хэвлэсэн: |
Buenos Aires
Ediciones Infinito
1960
|
| Нөхцлүүд: | |
| Шошгууд: |
Шошго нэмэх
Шошго байхгүй, Энэхүү баримтыг шошголох эхний хүн болох!
|
MARC
| LEADER | 00000nam a2200000 a 4500 | ||
|---|---|---|---|
| 001 | UCN0558 | ||
| 003 | CL-VaPUC | ||
| 008 | 010330e19600000AG |||||||||||||||||spa|d | ||
| 082 | 0 | 4 | |a 720.92 |b SAC |2 21 |
| 100 | 0 | |a Sacriste, Eduardo |e author |9 455820 | |
| 245 | 1 | 0 | |a Usonía: aspectos de la obra de Wright |
| 300 | |a pág. irreg | ||
| 942 | |c BK | ||
| 945 | |d 20010330 00:00:00 |a crobeson | ||
| 260 | |a Buenos Aires |b Ediciones Infinito |c 1960 | ||
| 500 | |a Contiene 11 planos | ||
| 600 | 0 | 7 | |a WRIGHT, FRANK LLOYD |2 CL-VaPUC |9 266860 |
| 650 | 0 | |a Arquitectura moderna |9 265021 | |
| 650 | 0 | |a Arquitectura |y Siglo 20 |9 266208 | |
| 651 | 0 | |a Estados Unidos |9 255178 | |
| 583 | |a last modification |c 20160912 05:10:51 |k Rodrigo Vera | ||
| 999 | |c 294294 |d 294292 | ||
| 952 | |0 0 |1 0 |4 0 |6 720_920000000000000_SAC_1960 |7 0 |8 F |9 346553 |a BIBARQ |b BIBARQ |d 2019-11-20 |i 1245678 |o 720.92 SAC 1960 |p 1245678 |r 2025-01-20 |w 2019-11-20 |y BK_F |k ARQ | ||